ბათუმის შოთა რუსთაველის სახელმწიფო უნივერსიტეტის ბიბლიოთეკა

მათემატიკა ეკონომისტებისათვის : სახელმძღვ. / (ბიბ.ჩანაწერი № 37578)

000 -ლიდერი
ფიქსირებული სიგრძის საკონტროლო ველი 01252nam a2200253Ia 4500
001 - საკონტროლო ნომერი
საკონტროლო ველი 3549
003 - საკონტროლო ნომრის იდენტიფიკატორი
საკონტროლო ველი GE_BSU
005 - ბოლო ოპერაციის თარიღი და დრო
საკონტროლო ველი 20190528144406.0
008 - ფიქსირებული სიგრძის მონაცემთა ელემენტები - ზოგადი ინფორმაცია
ფიქსირებული სიგრძის საკონტროლო ველი 181216s1999|||| |||||||||||||| ||geo||
040 ## - კატალოგიზაციის წყარო
Transcribing agency GE_BSU
041 ## - ენის კოდი
Language code of text/sound track or separate title geo
080 ## - უნივერსალური ათობითი კლასიფიკაციის ინდექსი
Universal Decimal Classification number 51(075.8)+330 მ-15
245 ## - ცნობა სათაურის შესახებ
Title მათემატიკა ეკონომისტებისათვის : სახელმძღვ. /
Statement of responsibility, etc დ. ნატროშვილი, ; ლ. გიორგაშვილ ; მ. უსანეთაშვილი ; გ. ჯაშიაშვილი ; რედ : დ. ნატროშვილი.
250 ## - გამოცემის ცნობა
Edition statement პირველი გამოცემა.
264 ## - წარმოების, გამოცემის, დისტრიბუციის და სხვა ცნობები
გამოცემის, წარმოების, დისტრიბუციის... ადგილი თბილისი :
გამოცემის, წარმოების, დისტრიბუციის... სახელწოდება გლობალ-პრინტი,
გამოცემის, წარმოების, დისტრიბუციის... თარიღი 1999.
300 ## - ფიზიკური აღწერა
Extent 564 გვ .:
Dimensions 25 სმ.
653 ## - INDEX TERM--UNCONTROLLED
Uncontrolled term მათემატიკა ეკონომისტებისათვის
700 ## - ADDED ENTRY--PERSONAL NAME
Personal name ნატროშვილი, დ
9 (RLIN) 1708
700 ## - ADDED ENTRY--PERSONAL NAME
Personal name გიორგაშვილი, ლ
9 (RLIN) 1709
700 ## - ADDED ENTRY--PERSONAL NAME
Personal name უსანეთაშვილი, მ.
9 (RLIN) 1710
700 ## - ADDED ENTRY--PERSONAL NAME
Personal name ჯაშიაშვილი, გ
9 (RLIN) 1711
700 ## - ADDED ENTRY--PERSONAL NAME
Personal name ნატროშვილი, დ
Relator term რედაქტორი
9 (RLIN) 1712
942 ## - ADDED ENTRY ELEMENTS (KOHA)
Koha item type წიგნი
Source of classification or shelving scheme
ეგზემპლარები
ჩამოწერის სტატუსი დაკარგული ეგზემპლარის სტატუსი კლასიფიკაციის წყარო ან თაროზე გაწყობის სქემა დაზიანების სტატუსი არ გაიცემა მუდმივი მდებარეობა (დაცვის ადგილი) ამჟამინდელი ადგილსამყოფელი თაროზე განთავსების ადგილი შეძენის თარიღი ღირებულება, შესყიდვის ნორმალური ფასი სრული შენახვის შიფრი შტრიხკოდი ბოლო ოპერაციის თარიღი ეგზემპლარის მიმდევრობითი ნომერი (კეტერი?) ფასის ძალაში შესვლის თარიღი ეგზემპლარის სახეობა საჯარო შენიშვნა
          ტექნოლოგიური ფაკულტეტის ბიბლიოთეკა ტექნოლოგიური ფაკულტეტის ბიბლიოთეკა წიგნსაცავი 2018-12-17 30.00 51(075.8)+330 მ-15 9239 2018-12-17 9239 2018-12-17 წიგნი 30 ლ.
          ტექნოლოგიური ფაკულტეტის ბიბლიოთეკა ტექნოლოგიური ფაკულტეტის ბიბლიოთეკა წიგნსაცავი 2018-12-17 30.00 51(075.8)+330 მ-15 9240 2018-12-17 9240 2018-12-17 წიგნი 30 ლ.